| 000 | 00334nam a2200097Ia 4500 | ||
|---|---|---|---|
| 008 | 220120s9999||||xx |||||||||||||| ||und|| | ||
| 100 |
_aDechamma, Thosima and Vamshi _912657 |
||
| 245 | 4 | _aThe clustering technique to improve the business tactics by | |
| 260 |
_aCoorg Institute of Technology _bPonnampet _c2017 |
||
| 650 | _aCOMPUTER SCIENCE | ||
| 999 |
_c138256 _d138256 |
||